[Event "Tuapse Rapid op"]
[Site "Tuapse"]
[Date "2022.06.26"]
[Round "1"]
[White "Trofimov, Daniil"]
[Black "Moiseenko, Vadim"]
[Result "0-1"]
[WhiteElo "1090"]
[BlackElo "2546"]
[PlyCount "44"]
[EventDate "2022.06.26"]
[EventType "swiss (rapid)"]
[EventRounds "11"]
[EventCountry "RUS"]
[SourceTitle "CBM 209 Extra"]
[Source "ChessBase"]
[SourceDate "2022.09.30"]
[SourceVersion "1"]
[SourceVersionDate "2022.09.30"]
[SourceQuality "1"]

1. e4 e5 2. Nf3 Nc6 3. Bc4 Nf6 4. d3 h6 5. 0-0 d6 6. h3 g5 7. Nh2 Bg7 8. Nc3 Ne7 9. Bd2 c6 10. Re1 0-0 11. Qf3 Kh8 12. Rad1 Nh7 13. g4 Ng6 14. Ne2 d5 15. exd5 f5 16. Qg2 Nh4 17. Qh1 Nf6 18. Nf3 Nxf3+ 19. Qxf3 cxd5 20. Bb3 fxg4 21. hxg4 Qb6 22. Rf1 Bxg4 0-1